| 000 | 00000nam##2200000za#4500 |
| 001 | 9.642208 |
| 003 | CaOODSP |
| 005 | 20210624223605 |
| 007 | cr ||||||||||| |
| 008 | 150407|1985||||xxc|||||o f|0| 0 fre|d |
| 040 | |aCaOODSP|bfre |
| 043 | |an-cn--- |
| 086 | 1 |aA53-1289/1985F-PDF |
| 110 | 1 |aCanada.|bAgriculture Canada. |bDirection générale de recherche. |
| 245 | 10|aMultiplication des arbres fruitiers / |h[ressource électronique]|c[par] L.P.S. Spangelo, R. Watkins and E.J. Davies. |
| 260 | |aOttawa - Ontario : |bAgriculture Canada. |c1985, c1980. |
| 300 | |a60p.|bphotographies |
| 500 | |aPublication historique numérisée par Agriculture et Agroalimentaire Canada. Éd. originale : 1968. |
| 590 | |a13-17-Supp|b2013-07-25 |
| 691 | 07|aExploitation agricole|2gcpds |
| 691 | 07|aFruit|2gcpds |
| 775 | 08|tFruit tree propagation / |w(CaOODSP)9.697913 |
| 856 | 40|ahttp://publications.gc.ca|qPDF|s2.15 Mo|uhttps://publications.gc.ca/collections/collection_2013/aac-aafc/agrhist/A53-1289-1985-fra.pdf |
| 986 | |a1289 |